000 00691nam a22001815i 4500
001 155140
003 ES-MaACL
005 20230906205955.0
008 990701s1896 fr |||| | fre d
040 _aGA
_bspa
_cCCPB | 3D
100 1 _aHauriou, Maurice.
_962103
245 1 3 _aLa science sociale traditionnelle /
_cpar Maurice Hauriou.
260 _aParis :
_bLibrairie de la Société du recueil général des lois et des arrêts et du Journal du Palais,
_c1896 (
_eBar-le-Duc :
_fImprimerie Contant-Laguerre)
300 _aXII, 432 p. ;
_c22 cm.
594 1 _aPrecede al tít. : Cours de science sociale.
752 _aFrancia -
_dParís
852 _aES-MaACL
_jF-7852
_z-- Enc. hol.
999 _c155140
_d155140